LDR 00726naa#a2200169#i#450# 001 EN\\bibl\120576 005 20260418153509.6 011 ## _a2409-1073 100 ## _a20240620b2024####ek#y0engy0150####ca 102 ## _aRU 200 1# _aSocio-philosophical aspects of gaming practices application in modern world _eJournal article 210 1# _aMoscow _cNational Research University of Electronic Technology _d2024 215 ## _a0 с. 608 ## _aJournal article _2local 675 ## _aФилософия. Психология. 1 _aСоциальное поведение. 316.62 _aФилософия. Теория. Назначение. Методика. Этика. Эстетика. 796.01 _z 700 #1 _aZakirov _gStanislav A. 856 4# _aesgi-journal.ru _u